000 00326nam a22001337a 4500
008 250311b |||||||| |||| 00| 0 eng d
020 _a9783527343218
050 _aQD591
_b.S56
100 _aHolynska Malgorzata
245 _aSingle-Molecule Magnets
260 _aGermany
_bWiley-VCH
_c2019
300 _aXIII,434P
942 _cBK
999 _c2228
_d2228